Detalles MARC
| 000 -LIDER |
| fixed length control field |
00897cam a2200289 a 4500 |
| 001 - NÚMERO DE CONTROL |
| Identificador de número de control |
000001709 |
| 003 - IDENTIFICACDOR DE NÚMERO DE CONTROL |
| control field |
DO-SdBNP |
| 005 - DATE AND TIME OF LATEST TRANSACTION |
| control field |
20220915113231.0 |
| 008 - ELEMENTOS DE LONGITUD FIJA |
| fixed length control field |
060920s2000 ja 001 0a spa d |
| 020 ## - ISBN |
| International Standard Book Number |
4569609864 |
| 040 ## - FUENTE DE CATALOGACIÓN |
| Agencia que crea de manera original el registro |
DO-SdBNP |
| Idioma de catalogación |
spa |
| Agencia que realiza la transcripción |
BPMSU |
| 082 ## - NÚMERO DE CLASIFICACIÓN DECIMAL DE DEWEY |
| Classification number |
321.8 |
| Item number |
L477t 2000 |
| Edition number |
22 |
| 100 1# - ASIENTO PRINCIPAL -- NOMBRE PERSONAL |
| Nombre personal |
Lee, Teng-hui. |
| Fechas asociadas con el nombre |
1923- |
| 245 13 - MENCIÓN DE TITULO |
| Título |
El camino hacia la democracia : |
| Subtítulo |
Taiwan busca su identidad / |
| Mención de responsabilidad |
Lee Teng-hui; traducción PHP institute. |
| 246 13 - VARIACION DEL TÍTULO |
| Título propiamente dicho o título corto |
Taiwan busca su identidad |
| 260 ## - PUBLICACIÓN, DISTRIBUCIÓN, ETC. (PIE DE IMPRENTA) |
| Lugar de publicación, distribución, etc |
Tokio, Japón |
| Nombre del editor, distribuidor, etc. |
PHP Institiute, |
| Fecha de publicación, distribución, etc |
2000. |
| 300 ## - DESCRIPCIÓN FÍSICA |
| Extensión |
232 p. ; |
| Dimensiones |
22 cm. |
| 500 ## - NOTA GENERAL |
| Nota general |
Incluye datos biográficos del autor |
| 500 ## - NOTA GENERAL |
| Nota general |
Incluye índice. |
| 534 ## - NOTA SOBRE LA VERSIÓN ORIGINAL |
| Asiento principal del original |
Taiwan no shucho. |
| 590 ## - NOTA LOCAL |
| Enlace |
Inventariado, 2022/VM |
| 650 #4 - ENCABEZAMIENTO DE MATERIA--TEMÁTICO |
| Término temático o nombre geográfico como elemento de entrada |
Democracia |
| Subdivisión geográfica |
Taiwan |
| Subdivisión temática general |
|
| 651 #4 - ENCABEZAMIENTO DE MATERIA--NOMBRE GEOGRÁFICO |
| Nombre geográfico |
Taiwán |
| Subdivisión temática general |
Política y gobierno |
| 710 2# - ASIENTO SECUNDARIO -- NOMBRE CORPORATIVO |
| Nombre corporativo o de jurisdicción |
PHP institute, |
| 910 ## - VALIDACIÓN |
| Validación |
VMateo V./ Validado |
| 942 ## - ADDED ENTRY ELEMENTS (KOHA) |
| Source of classification or shelving scheme |
Dewey Decimal Classification |
| Koha item type |
Libros |